000 00816nam a2200205 a 4500
008 120416s1992 ||||||||||||||||| || u
020 _a1557753032
050 _aIMF(02)
100 _aDavis, Jeffrey M., 1946-
245 1 0 _aMacroeconomic Adjustments: policy instruments and issues
_cedited by Jeffrey M. Davis
260 _aWashington, D.C.:
_bIMF Institute, International Monetary Fund
_c1992
300 _a90p. : ill.
350 _a0.00
500 _a"August 1992." -Includes bibliographical references.
650 0 _aECONOMIC DEVELOPMENT--AFRICA, SUB-SAHARAN
650 0 _aECONOMIC POLICY
650 _aECONOMIC STABILIZATION
710 _aIMF Institute
995 _D0.00
_FCBU-MAIN LIBRARY (Kitwe)
_H1
_I12.50
_M1
_UAVAILABLE
_ZAnnex Low-Usage Collection
999 _c49603
_d49603